|
|
|
|
| LEADER |
00939cam a2200253 7i4500 |
| 001 |
0000069809 |
| 005 |
20220715090000.0 |
| 020 |
|
|
|a 9781398602595 (electronic book)
|
| 020 |
|
|
|a 9781398602601 (hbk)
|
| 020 |
|
|
|a 9781398602588 (pbk)
|
| 090 |
0 |
0 |
|a HF54.5
|b .M37 2017
|
| 100 |
1 |
|
|a Marr, Bernard
|
| 245 |
1 |
0 |
|a Data strategy :
|b how to profit from a world of big data, analytics and artificial intelligence
|c Bernard Marr.
|
| 250 |
|
|
|a Second edition.
|
| 264 |
|
|
|a London, United Kingdom ; New York:
|b Kogan Page,
|c 2022.
|
| 300 |
|
|
|a 1 online resource (xii, 260 pages):
|b text file, PDF.
|
| 336 |
|
|
|a text
|2 rdacontent
|
| 337 |
|
|
|a computer
|2 rdamedia
|
| 338 |
|
|
|a online resource
|2 rdacarrier
|
| 650 |
|
0 |
|a Business information services
|
| 655 |
|
0 |
|a Electronic books
|
| 856 |
4 |
2 |
|u http://library.unisel.edu.my/web/guest/mylibrary
|
| 997 |
|
|
|a Business & Accountancy, Faculty
|
| 999 |
|
|
|a EBO0013449
|b EBOOK
|c EBOOK
|e Electronic resources
|